00922nam a2200241 a 450000100060000000300080000600500170001400800410003103500190007204000360009104100080012708200180013510000350015324501360018826000360032430000320036050400690039250400200046165000340048194200120051599900170052795201360054432589BD-RjUL20211209051848.0140427s1955 ne 001 0 eng u a(BD-RjUL)32678 aMDYdEQOcBD-RjULdBD-RjULbeng aeng a297bHOO 19551 aHodgson, Marshall G. S.99911614aThe order of Assassins :bthe struggle of the early Nizârî Ismâʿîlîs against the Islamic world /cMarshall G. S. Hodgson a's-Gravenhage :bMouton,c1955. axi, 352 p. :bill. ;c25 cm aBibliographical footnotes. "Bibliographical notes": p. [329]-334 aIncludes index. 0aAssassins (Ismailites)973611 2ddccBK c32589d32589 00102ddc40718NFICaRUCLbRUCLcReadingd0000-00-00eZitlingerg64.00l0o297 HOO 1955r2014-04-27 00:00:00tC-1w2014-04-27yBK